Plant Diseases (Record no. 397238)
[ view plain ]
| 000 -LEADER | |
|---|---|
| fixed length control field | 00507nam a2200205 4500 |
| 005 - DATE & TIME | |
| control field | 20260319121045.0 |
| 008 - FIXED-LENGTH DATA ELEMENTS--GENERAL INFORMATION | |
| fixed length control field | 260319b |||||||| |||| 00| 0 eng d |
| 020 ## - ISBN | |
| International Standard Book Number | 9788196544508 |
| Price | Rs. 795.00 |
| 040 ## - CATALOGING SOURCE | |
| Original cataloging agency | VIVEKANANDA LIBRARY |
| 082 ## - DDC NUMBER | |
| Classification number | 632 |
| Book Number | S64P (11) |
| 100 ## - MAIN ENTRY--PERSONAL NAME | |
| Personal name | Singh, R.S |
| 245 ## - TITLE STATEMENT | |
| Title | Plant Diseases |
| 250 ## - EDITION STATEMENT | |
| Edition statement | 11th Edition |
| 260 ## - PUBLICATION, DISTRIBUTION, ETC. (IMPRINT) | |
| Place of publication, distribution, etc | New Delhi |
| Name of publisher, distributor, etc | MedTech Science Press |
| Date of publication, distribution, etc | 2024 |
| 300 ## - PHYSICAL DESCRIPTION | |
| Pages | xxiii, 821 |
| 650 ## - Subject | |
| Subject | Plant |
| 650 ## - Subject | |
| Subject | Diseases- plant |
| 650 ## - Subject | |
| Subject | Plant Pathology |
| 942 ## - ADDED ENTRY ELEMENTS (KOHA) | |
| Koha item type | Books |
No items available.
